| 000 | 01116nam a22003017a 4500 | ||
|---|---|---|---|
| 001 | 4212 | ||
| 003 | C | ||
| 005 | 20250421120922.0 | ||
| 008 | 240704b cb ||||| |||| 00| 0 eng d | ||
| 020 | _a9780545086028 | ||
| 040 |
_aFISKH _beng _cFISKH _dFISKH |
||
| 050 | _aE11 | ||
| 082 | _a523.2 | ||
| 100 | _aEarhart, Kristin | ||
| 245 |
_aThe magic school bus blasts into space / _cWritten by Kristin Earhart ; Illustrated by Carolyn Bracken |
||
| 250 | _aFirst Printing, January 2009 | ||
| 260 |
_aNew York : _bScholastic, _c2008 |
||
| 300 |
_a32 pages : _bcolor illustrations ; _c23 m |
||
| 500 | _a | ||
| 505 | _aJ | ||
| 520 | _aCarlos brings a space game to school. Then the Magic School Bus takes a field trip inside the game! Can Ms. Frizzle's class answer the space clues and make it out of the game? Blast off with the Magic School Bus and learn all about the solar system! | ||
| 521 | 8 |
_a480
_bLexile |
|
| 521 | 8 |
_aJ
_bRaz-Plus |
|
| 650 |
_aOuter space _vPlanets _xSolar system _ySpace |
||
| 700 |
_aBracken, Carolyn _eillustrator |
||
| 942 |
_2ddc _cBK _n0 |
||
| 999 |
_c4212 _d4212 |
||